Liga Konferencji 2024/2025 - nowy format - Statystyki

Ogólne statystyki
  • Ten quiz został rozwiązany 161 razy
  • Średni wynik to 15 z 36
Statystyki odpowiedzi
KLUB % Poprawnych
Legia Warszawa
99%
Jagiellonia Białystok
94%
Real Betis
78%
Chelsea FC
66%
ACF Fiorentina
65%
Molde FK
61%
FC Kopenhaga
59%
FK TSC Bačka Topola
53%
Djurgårdens IF
47%
FC Lugano
47%
1. FC Heidenheim
45%
Rapid Wiedeń
45%
Cercle Brugge
43%
NK Celje
43%
Dynamo Mińsk
42%
NK Olimpija Lublana
42%
Omonia Nikozja
40%
Panathinaikos FC
39%
Petrocub Hîncești
38%
Shamrock Rovers
38%
FC Noah
35%
Vitoria Guimaraes
35%
FK Mladá Boleslav
34%
APOEL FC
33%
Pafos FC
32%
FK Borac Banja Luka
31%
KAA Gent
31%
İstanbul Başakşehir
30%
Larne F.C.
30%
HJK Helsinki
28%
Heart of Midlothian
27%
FK Astana
26%
Víkingur Reykjavík
26%
LASK Linz
24%
The New Saints
21%
FC Sankt Gallen
15%
Nie znaleziono quizów pasujących do podanych kryteriów
Rozkład punktacji
Procent ludzi z każdym wynikiem
Percentyl według liczby udzielonych odpowiedzi
Twoja historia wyników
Nie rozwiązałeś tego quizu